Asia's "miracle" economies

Zapisane w:
Opis bibliograficzny
1. autor: Woronoff, Jon
Format: Książka
Język:Undetermined
Wydane: Tokyo Lotus Press 1986
Hasła przedmiotowe:
Etykiety: Dodaj etykietę
Nie ma etykietki, Dołącz pierwszą etykiete!
Thư viện lưu trữ: Trung tâm Học liệu Trường Đại học Cần Thơ
LEADER 00498nam a2200193Ia 4500
001 CTU_92773
008 210402s9999 xx 000 0 und d
082 |a 338.959 
082 |b W929 
100 |a Woronoff, Jon 
245 0 |a Asia's "miracle" economies 
245 0 |c Jon Woronoff 
260 |a Tokyo 
260 |b Lotus Press 
260 |c 1986 
650 |a Economic conditions 
650 |z Asia, southeastern 
904 |i Bằng 
980 |a Trung tâm Học liệu Trường Đại học Cần Thơ